| 000 | 01065nam2a2200265 4500 | ||
|---|---|---|---|
| 001 | RU\NLR\bibl\401265 | ||
| 005 | 20250622164057.0 | ||
| 010 |
_a5-275-00584-9 _bт. 1 |
||
| 021 |
_aRU _b2003-13486 _9622 |
||
| 035 | _a(NLR Aleph) 000395434 | ||
| 090 |
_a541971 _c541971 |
||
| 100 | _a20030522d2002 |||y0rusy50 ca | ||
| 101 | 1 |
_arus _ceng |
|
| 102 | _aRU | ||
| 105 | _aa ||||||||| | ||
| 200 | 0 | _aТ. 1 | |
| 210 |
_d2002 _aБ. м. |
||
| 215 | _a685,[1] с., [25] л. ил. | ||
| 327 | 1 | _aСодерж.: Божественная комедия / Данте Алигьери. Данте. Его время, его произведения, его гений / Д.А. Симондс | |
| 461 | 0 |
_1001RU\NLR\bibl\408981 _12001#$aМир Данте$vТ. 1 _9587471 _aДанте Алигьери (1265-1321) _cМ. _d2002 _fДанте Алигьери _nТЕРРА-Кн. клуб _oВ 3 т. : [Пер. с итал.] _tМир Данте _y5-275-00583-0 _vТ. 1 |
|
| 801 | 0 |
_aRU _bNLR _c20030522 _gPSBO |
|
| 801 | 1 |
_aRU _bNLR _c20030522 |
|
| 942 | _cBOOK | ||
| 980 | _aNB | ||